000 02778nam a22002297a 4500
001 6623
003 FISKH
005 20250516104301.0
008 250516b cb ||||| |||| 00| 0 eng d
040 _aFISKH
_bkhr
_cFISKH
_dFISKH
082 _a800
100 _aSamnang, Mao
245 _aវិប្បដិសារី :
_bប្រលោមលោកមនោសញ្ចេតនា /
_cនិពន្ធដោយអ្នកស្រី ម៉ៅ សំណាង សមាជិកសមាគមអ្នកនិពន្ធខ្មែរ​
260 _aភ្នំពេញ :
_bបណ្ណាល័យ សុរិយារង្សី ,
_c២០០៩.
300 _a138 pages :
_bcolor illustrations ;
_c21 cm .
520 _aរឿងនេះបង្ហាញពីការតស៊ូ និងការប្រឈមមុខនឹងវិបត្តិរបស់តួអង្គស្រី ដើម្បីរកសិទ្ធិ និងសេរីភាពក្នុងសង្គម។ វាបង្ហាញពីការរើសអើង និងវិបត្តិសង្គមដែលមានឥទ្ធិពលដល់ជីវិតនារីម្នាក់ និងការតស៊ូរបស់នាងដើម្បីរកសិទ្ធិ និងសេរីភាពក្នុងសង្គម។ ដោយសារតែការរើសអើង និងវិបត្តិសង្គមដែលតួអង្គស្រីប្រឈមមុខ នាងត្រូវប្រឈមមុខនឹងការលំបាក និងការឈឺចាប់ផ្លូវចិត្ត។ រឿងនេះបង្ហាញពីការតស៊ូ និងការប្រឈមមុខនឹងវិបត្តិរបស់តួអង្គស្រី ដើម្បីរកសិទ្ធិ និងសេរីភាពក្នុងសង្គម។
520 _aThis story portrays the struggle and challenges faced by the female protagonist in her pursuit of rights and freedom within society. It highlights the discrimination and social hardships that deeply affect a woman’s life, as well as her determination to fight for her rights and independence. Due to the discrimination and societal obstacles she encounters, the protagonist faces many difficulties and emotional pain. The story illustrates her fight and resilience in the face of adversity as she strives to gain her rightful place and freedom in society.
650 _aវិប្បដិសារី
_vប្រលោមលោកមនោសញ្ចេតនា​
650 _aVi pa de sa rey
_vRomantic Literature
942 _2ddc
_cKHB
_n0
999 _c6623
_d6623